• 首页
  • 本馆介绍
  • 公告通知
  • 最新文献
  • 馆藏检索
  • 电子资源
  • 读者导购
  • 参考咨询
  • 我的图书馆
  • 登录
  • 详细信息显示
  • 放入我的书架
  • 预约/预借图书
  • 作者相关作品
  • 分类相关作品
  • 丛书相关作品
  • 出版社相关作品

书目信息

  • 表格格式
  • 工作单格式
  • 卡片格式
题名:
远古传说和异域想象
    
 
作者: 莫里斯 著 ;李智勇 译
分册:  
出版信息: 北京   中信出版集团  2020
页数: 186页
开本: 21cm
丛书名:
单 册:
中图分类: Q959.842-49 , Q959.8
科图分类:
主题词: 牛科--普及读物
电子资源:
ISBN: 978-7-5217-1411-1
000 01110nam0 2200265 450
001 2173507072
005 20211112202522.38
010    @a978-7-5217-1411-1@dCNY33.60
100    @a20200905d2020 em y0chiy50 ea
101 1  @achi@ceng
102    @aCN@b110000
105    @aa z 000yy
200 1  @a远古传说和异域想象@9yuan gu chuan shuo he yi yu xiang xiang@e野牛@f(英)德斯蒙德·莫里斯著@g李智勇译
210    @a北京@c中信出版集团@d2020
215    @a186页@c图@d21cm
300    @a大英经典博物学
330    @a在本书中,动物学家德斯蒙德·莫里斯从200万年前的首块野牛化石开始,向我们讲述了野牛这个物种奇幻又迷人的历史。野牛曾经遍布北美洲大平原,规模庞大,聚群而居。然而,数千万头野牛曾被猎杀得几近灭绝。如今,野牛已远离了灭绝的危险,它们的数量开始上升。但数百万头野牛奔腾咆哮的盛况已不可能再现,因为它们曾经的领地上现在遍布农场、城镇和公路。
510 1  @aBison@zeng
606 0  @a牛科@j普及读物
690    @aQ959.842-49@v5
690    @aQ959.8@v4
701  0 @c(英)@a莫里斯@9mo li si@c(Morris, Desmond)@4著
702  0 @a李智勇@9li zhi yong@4译
801  0 @aCN@b91MARC@c20200905
905    @aZUCC@dQ959.8@e2
    
    远古传说和异域想象:野牛/(英)德斯蒙德·莫里斯著/李智勇译.-北京:中信出版集团,2020
    186页:图;21cm
    大英经典博物学
    
    ISBN 978-7-5217-1411-1:CNY33.60
    在本书中,动物学家德斯蒙德·莫里斯从200万年前的首块野牛化石开始,向我们讲述了野牛这个物种奇幻又迷人的历史。野牛曾经遍布北美洲大平原,规模庞大,聚群而居。然而,数千万头野牛曾被猎杀得几近灭绝。如今,野牛已远离了灭绝的危险,它们的数量开始上升。但数百万头野牛奔腾咆哮的盛况已不可能再现,因为它们曾经的领地上现在遍布农场、城镇和公路。
●
相关链接 在五车中查询图书 在当当中查询图书 在豆瓣中查询图书


正题名:远古传说和异域想象     索取号:Q959.8/2         预约/预借

序号 登录号 条形码 馆藏地/架位号 状态 备注
1 2000881765   2000881765   第三书库/ [索取号:Q959.8/2] 在馆    
2 2000881766   2000881766   第三书库/ [索取号:Q959.8/2] 在馆    
3 2000881767   2000881767   第三书库/ [索取号:Q959.8/2] 在馆    
山东省滨州职业学院图书馆 欢迎您!
大连网信软件有限公司© 版权所有